00626nam a2200145Ia 4500008004100000020001800041100005500059245013000114260002700244650002000271650003900291856004300330999001900373952008800392171212s9999 xx 000 0 und d a9780833038517 aGirosi, Federico;Meili, Robin C.;Scoville, Richard cGirosi, Federico;Meili, Robin C.;Scoville, RichardaExtrapolating Evidence of Health Information Technology Savings and Costs bRAND Corporationc2005 aHealth Sciences aMedical records -- Data processing uwww.jstor.org/stable/10.7249/mg410hlth c352066d352066 001040aCLbCLd2017-12-12l0oR864.G57 2005r2017-12-12 00:00:00w2017-12-12yCBE